L'Italie de Botticelli à Bonaparte : De Botticelli à Bonaparte (notice n° 2198295)

détails MARC
000 -LEADER
fixed length control field 01395cam a2200133 4500500
005 - DATE AND TIME OF LATEST TRANSACTION
control field 20260405085527.0
041 ## - LANGUAGE CODE
Language code of text/sound track or separate title fre
042 ## - AUTHENTICATION CODE
Authentication code dc
100 10 - MAIN ENTRY--PERSONAL NAME
Personal name Delumeau, Jean
Relator term author
245 00 - TITLE STATEMENT
Title L'Italie de Botticelli à Bonaparte : De Botticelli à Bonaparte
260 ## - PUBLICATION, DISTRIBUTION, ETC.
Name of publisher, distributor, etc. Armand Colin,<br/>
Date of publication, distribution, etc. 2022.<br/>
520 ## - SUMMARY, ETC.
Summary, etc. Pendant près de 400 ans, la péninsule est un des principaux foyers de la vie économique, artistique et scientifique de l'Europe. Cette troisième édition refondue de L'Italie de Boticcelli à Bonaparte présente les structures et les continuités du destin national de l'Italie à travers la succession des esthétiques et des dominations. Il s'agit également d'une réhabilitation de l'Italie de Monteverdi et de Galilée, de Goldoni et de Volta. La Renaissance. Au temps de l'"équilibre italien". Guerres d'Italie et leçons de l'histoire. Techniques italiennes. Cartes économiques et conjoncture. Retour vers l'Antiquité ? La culture italienne au temps de la Renaissance. Floraison artistique. L'Âge baroque. Un dossier controversé. L'effacement politique. L'économie : de la prospérité au repli. La culture : éclat et excès. Les Lumières. Le temps et l'espace des Lumières. Démographie et économie. Aspects culturels. Un esprit nouveau. Les réformes.
856 41 - ELECTRONIC LOCATION AND ACCESS
Uniform Resource Identifier <a href="https://shs.cairn.info/l-italie--9782200631499?lang=fr&redirect-ssocas=7080">https://shs.cairn.info/l-italie--9782200631499?lang=fr&redirect-ssocas=7080</a>

Pas d'exemplaire disponible.

PLUDOC

PLUDOC est la plateforme unique et centralisée de gestion des bibliothèques physiques et numériques de Guinée administré par le CEDUST. Elle est la plus grande base de données de ressources documentaires pour les Étudiants, Enseignants chercheurs et Chercheurs de Guinée.

Adresse

627 919 101/664 919 101

25 boulevard du commerce
Kaloum, Conakry, Guinée

Réseaux sociaux

Powered by Netsen Group @ 2025